000 00423nam a22001577a 4500
999 _c60557
_d60557
005 20230823124900.0
008 230823s1978 gw ||||| |||| 00| 0 ger d
041 _ager
080 _a94+72 E-43
100 _aEschebach, Hans
_919705
245 _aPompeji :
_bErlebte antike Welt /
_cHans Eschebach.
264 _aLeipzig,
_c1978.
300 _a332 p. :
_bill. ;
_c31 cm.
653 _a პომპეი
942 _2udc
_cBK